<?xml version="1.0" encoding="UTF-8"?>
<record
    xmlns:xsi="http://www.w3.org/2001/XMLSchema-instance"
    xsi:schemaLocation="http://www.loc.gov/MARC21/slim http://www.loc.gov/standards/marcxml/schema/MARC21slim.xsd"
    xmlns="http://www.loc.gov/MARC21/slim">

  <leader>01427nam a22002417a 4500</leader>
  <controlfield tag="005">20260213155959.0</controlfield>
  <controlfield tag="008">260213b        |||||||| |||| 00| 0 eng d</controlfield>
  <datafield tag="020" ind1=" " ind2=" ">
    <subfield code="a">978939516015</subfield>
  </datafield>
  <datafield tag="040" ind1=" " ind2=" ">
    <subfield code="c">AL</subfield>
  </datafield>
  <datafield tag="082" ind1=" " ind2=" ">
    <subfield code="a">530.41</subfield>
    <subfield code="b">PILS</subfield>
  </datafield>
  <datafield tag="100" ind1=" " ind2=" ">
    <subfield code="a">S O Pillai</subfield>
    <subfield code="9">254814</subfield>
  </datafield>
  <datafield tag="245" ind1=" " ind2=" ">
    <subfield code="a">Solid state Physics Ed 10</subfield>
  </datafield>
  <datafield tag="250" ind1=" " ind2=" ">
    <subfield code="a">10</subfield>
  </datafield>
  <datafield tag="260" ind1=" " ind2=" ">
    <subfield code="a">New Delhi</subfield>
    <subfield code="b">New Age International Publishers</subfield>
    <subfield code="c">2023</subfield>
  </datafield>
  <datafield tag="300" ind1=" " ind2=" ">
    <subfield code="a">xxix,921p</subfield>
    <subfield code="b">PB</subfield>
    <subfield code="c">24x17cm</subfield>
  </datafield>
  <datafield tag="365" ind1=" " ind2=" ">
    <subfield code="2">Physics</subfield>
    <subfield code="a">MKR-437239519</subfield>
    <subfield code="b">&#x20B9;645.05</subfield>
    <subfield code="c">&#x20B9;</subfield>
    <subfield code="d">&#x20B9;699.00</subfield>
    <subfield code="f">27-01-2026</subfield>
  </datafield>
  <datafield tag="520" ind1=" " ind2=" ">
    <subfield code="a">Solid State Physics is authored by eminent author Dr. S.O. Pillai and is published by one of the leading publishers, NEW AGE International Publihsers. This latest Multicolour Edition of the book is intended for the undergraduate and postgraduate students of Solid State Physics. The book is recommended by various IITs, NITs and other prestigious Engineering Colleges. This is one of our best selling books on Solid State Physics. The tenth multicolour edition of this book has been prepared with a few additional features. It includes two new topics&#x2013;Ultrasonics and some additional miscellaneous problems, which may be of immense use for the students and teachers. Updates in the text have been made wherever necessary.</subfield>
  </datafield>
  <datafield tag="650" ind1=" " ind2=" ">
    <subfield code="a">Atomic Structure</subfield>
    <subfield code="9">254815</subfield>
  </datafield>
  <datafield tag="650" ind1=" " ind2=" ">
    <subfield code="a">Crystalline Solids</subfield>
    <subfield code="9">254816</subfield>
  </datafield>
  <datafield tag="650" ind1=" " ind2=" ">
    <subfield code="a">Thermal Properties</subfield>
    <subfield code="9">254817</subfield>
  </datafield>
  <datafield tag="650" ind1=" " ind2=" ">
    <subfield code="a">Superconductivity</subfield>
    <subfield code="9">254818</subfield>
  </datafield>
  <datafield tag="942" ind1=" " ind2=" ">
    <subfield code="2">ddc</subfield>
    <subfield code="c">BK</subfield>
  </datafield>
  <datafield tag="999" ind1=" " ind2=" ">
    <subfield code="c">240902</subfield>
    <subfield code="d">240902</subfield>
  </datafield>
  <datafield tag="952" ind1=" " ind2=" ">
    <subfield code="0">0</subfield>
    <subfield code="1">0</subfield>
    <subfield code="2">ddc</subfield>
    <subfield code="4">0</subfield>
    <subfield code="7">0</subfield>
    <subfield code="8">PHY</subfield>
    <subfield code="a">SE</subfield>
    <subfield code="b">SE</subfield>
    <subfield code="d">2026-01-27</subfield>
    <subfield code="e">amazon.in</subfield>
    <subfield code="g">645.05</subfield>
    <subfield code="l">0</subfield>
    <subfield code="o">530.41 PILS</subfield>
    <subfield code="p">SE000227</subfield>
    <subfield code="r">2026-02-13 16:02:39</subfield>
    <subfield code="v">699.00</subfield>
    <subfield code="w">2026-02-13</subfield>
    <subfield code="y">BK</subfield>
  </datafield>
</record>
